LEADER 01027nam0-22003011i-450- 001 990003202900403321 035 $a000320290 035 $aFED01000320290 035 $a(Aleph)000320290FED01 035 $a000320290 100 $a20000920d1984----km-y0itay50------ba 101 0 $aeng 102 $aIT 200 1 $aStabilization Policies in an Explosive Economy$eAnnouncements and Expectations$fGiorgio basevi, Francesco Giavazzi. 210 $a[s.l.$c[s.n.]$d\maggio \\1984. 215 $a17 p.$c5 ill.$d20 cm 225 1 $aNote di lavoro$fDipartimento di Scienze Economiche, Universitą degli Studi di Venezia, Cą Foscari$v8402 676 $aN/1.4 702 1$aGiavazzi,$bFrancesco$f<1949- > 712 2$aUniversitą Ca' Foscari Venezia.$bDipartimento di scienze economiche 801 0$aIT$bUNINA$gRICA$2UNIMARC 901 $aBK 912 $a990003202900403321 952 $aA/71 NOT$b859$fSES 959 $aSES 996 $aStabilization Policies in an Explosive Economy$9454470 997 $aUNINA DB $aING01